Berudu kecil

Bibliographic Details
Format: Book
Published: Kuala Lumpur : Fargoes , 2005
Series:Siri tekun membaca
Subjects:

MARC

LEADER 00000cam a2200000 7i4500
001 0000000243
005 20151222.0
008 070629
020 |a 9831283139 
090 0 0 |a JF   |b MOR JAW (258) 
245 0 0 |a Berudu kecil 
260 |a Kuala Lumpur :   |b Fargoes ,   |c 2005 
440 |a Siri tekun membaca 
500 |a Children ages 7-9 years old (orange) 
650 0 |a Jawi 
999 |a 0000899607   |b Book   |c Children Collection   |e Cawangan Tmn. Ungku Tun Aminah 
999 |a 0000899608   |b Book   |c Children Collection   |e Cawangan Tmn. Ungku Tun Aminah 
999 |a 0000899612   |b Book   |c Children Collection   |e Cawangan Tangkak 
999 |a 0000899615   |b Book   |c Children Collection   |e Cawangan Mersing 
999 |a 0000899616   |b Book   |c Children Collection   |e Cawangan Mersing 
999 |a 0000954603   |b Book   |c Children Collection   |e Cawangan Batu Pahat 
999 |a 0000954604   |b Book   |c Children Collection   |e Perbadanan Perpustakaan Awam Johor 
999 |a 0000954605   |b Book   |c Children Collection   |e Perbadanan Perpustakaan Awam Johor 
999 |a 0000954607   |b Book   |c Children Collection   |e Cawangan Urban Transformation Centre 
999 |a 0000954608   |b Book   |c Children Collection   |e Cawangan Urban Transformation Centre 
999 |a 0000988476   |b Book   |c Children Collection   |e Cawangan Mersing 
999 |a 0000988478   |b Book   |c Children Collection   |e Cawangan Kota Tinggi 
999 |a 0000988479   |b Book   |c Children Collection   |e Cawangan Bukit Gambir